Vista normal
Vista MARC
- López Torrijo, Manuel
Entrada Nombre de persona
Número de registros utilizados en: 4
001 - NÚMERO DE CONTROL
- campo de control: 1074
003 - IDENTIFICADOR DEL NÚMERO DE CONTROL
- campo de control: ES-MaFIAP
005 - FECHA Y HORA DE LA ÚLTIMA TRANSACCIÓN
- campo de control: 20230228172731.0
008 - DATOS DE LONGITUD FIJA
- campo de control de longitud fija: 230228|| aca||aabn | a|a d
040 ## - FUENTE DE LA CATALOGACIÓN
- Centro catalogador/agencia de origen: ES-MaFIAP
- Centro/agencia transcriptor: ES-MaFIAP
100 ## - ENCABEZAMIENTO-NOMBRE DE PERSONA
- Nombre de persona: López Torrijo, Manuel
670 ## - FUENTE DE DATOS ENCONTRADOS
- Cita de la fuente: Work cat.: (ES-MaFIAP)0: López Torrijo, Manuel, La integración escolar, D.L. 1993





